00502 2200145 4500245018400000250000900184100003100193650001700224005001900241260003900260041001400299084000800313300002600321336000900347 aYearbook Angkatan-4 b : for three years we have been through, summarized in a book that will become history and will continue to be remembered.cAngkatan 4 SMKN 62 JAKARTAhText a2012 aAngkatan 4 smkn 62 jakarta aBuku Tahunan a20240904122104 aJakartabCrayoOne Productionc2012 aIndonesia a000 a99 halaman :c26,5 cm atext